• 首页
  • 本馆介绍
  • 公告通知
  • 最新文献
  • 馆藏检索
  • 电子资源
  • 读者导购
  • 参考咨询
  • 我的图书馆
  • 登录
  • 详细信息显示
  • 放入我的书架
  • 预约/预借图书
  • 作者相关作品
  • 分类相关作品
  • 丛书相关作品
  • 出版社相关作品

书目信息

  • 表格格式
  • 工作单格式
  • 卡片格式
题名:
作曲技法
    
 
作者: 欣德米特 著 ;罗忠 译
分册: 第1卷   理论篇
出版信息: 上海   上海音乐出版社  2002
页数: 232页
开本: 20cm
丛书名:
单 册:
中图分类: J614.9
科图分类:
主题词: CT--S100079--作曲法 , 音乐--技术--理论 , 音乐--技术--方法
电子资源:
ISBN: 7-80667-054-8
000 00913nam0 2200289 45
001 012002062465
005 20031219104108.3
010    @a7-80667-054-8@dCNY15.00
100    @a20020802d2002 em y0chiy0110 ea
101 0  @achi
102    @aCN@b310000
105    @ay z 000yy
106    @ar
200 1  @a作曲技法@9zuo qu ji fa@h第1卷@i理论篇@f(德)保罗·欣德米特著@g罗忠译
210    @a上海@c上海音乐出版社@d2002
215    @a232页@d20cm
300    @a外国现代作曲理论
305    @a德国朔特音乐国际出版(有限公司)授权
330    @a本书是外国现代作曲理论的理论篇,内容包括绪论、媒介、建筑石料的性质、和声、旋律、分析等。
606 0  @2CT@3S100079@a作曲法
606 0  @a音乐@x技术@x理论
606 0  @a音乐@x技术@x方法
690    @aJ614.9@v4
701  1 @a欣德米特@9xin de mi te@b保罗@4著
702  0 @a罗忠@ALuo Zhong@4译
801    @aCN@bTSTC@c20030331
905    @b321781-785@dJ614.9@e54:1≈2@f5
    
    作曲技法.第1卷.理论篇/(德)保罗·欣德米特著/罗忠译.-上海:上海音乐出版社,2002
    232页;20cm
    外国现代作曲理论
    
    ISBN 7-80667-054-8:CNY15.00
    本书是外国现代作曲理论的理论篇,内容包括绪论、媒介、建筑石料的性质、和声、旋律、分析等。
●
相关链接 在E读中查询图书 在五车中查询图书 在当当中查询图书 在豆瓣中查询图书


正题名:作曲技法     索取号:J614.9/54:1≈2         预约/预借

序号 登录号 条形码 馆藏地/架位号 状态 备注
1 0321781   203217811   第一借阅区/ [索取号:J614.9/54:1≈2] 在馆    
2 0321782   203217820   密集书库/ [索取号:J614.9/54:1≈2] 在馆    
3 0321783   203217839   第一借阅区/ [索取号:J614.9/54:1≈2] 在馆    
4 0321784   203217848   密集书库/ [索取号:J614.9/54:1≈2] 在馆    
5 0321785   203217857   第一样本阅览室/ [索取号:J614.9/54:1≈2] 在馆    
唐山师范学院图书馆 欢迎您!
大连网信软件有限公司© 版权所有